Normal view
MARC view
- Usman Aslam
Entry Personal Name
001 - CONTROL NUMBER
- control field: 100801
003 - CONTROL NUMBER IDENTIFIER
- control field: NUST
005 - DATE AND TIME OF LATEST TRANSACTION
- control field: 20221019124050.0
008 - FIXED-LENGTH DATA ELEMENTS
- fixed length control field: 221019|| aca||aabn | a|a d
040 ## - CATALOGING SOURCE
- Original cataloging agency: NUST
- Transcribing agency: NUST
100 ## - HEADING--PERSONAL NAME
- Personal name: Usman Aslam
670 ## - SOURCE DATA FOUND
- Source citation: Work cat.: (NUST)12236: Usman aslam 100800, Data Sharing in Data-Cintric Multi-Tenant SaaS Application , 2013
